[Event "RUS-ch Higher League 77th"]
[Site "Lipetsk"]
[Date "2025.07.04"]
[Round "8"]
[White "Shubin, Kirill"]
[Black "Kokarev, Dmitry"]
[Result "1/2-1/2"]
[WhiteElo "2445"]
[BlackElo "2531"]
[PlyCount "80"]
[EventDate "2025.06.26"]
[EventType "swiss"]
[EventRounds "9"]
[EventCountry "RUS"]
[SourceTitle "CB28_2025"]
[SourceDate "2025.07.09"]
[SourceVersion "1"]
[SourceVersionDate "2025.07.09"]
[SourceQuality "1"]

1. e4 c5 2. Nf3 d6 3. d4 cxd4 4. Nxd4 Nf6 5. Nc3 a6 6. Bd3 e5 7. Nde2 Be7 8. 0-0 0-0 9. Ng3 Bg4 10. Qd2 Nbd7 11. a4 Rc8 12. a5 Re8 13. b4 Bf8 14. Re1 Be6 15. Nd5 Bxd5 16. exd5 g6 17. Bb2 Nxd5 18. Be4 Nxb4 19. Qxb4 d5 20. Qxb7 dxe4 21. Qxe4 Qc7 22. Re2 Rb8 23. c4 Bg7 24. Ba3 Qxa5 25. Ree1 Qc7 26. Rad1 Rbc8 27. Qe2 Nf6 28. c5 Qa5 29. Ra1 e4 30. Bb2 Qxc5 31. Rxa6 e3 32. f3 Nd5 33. Bxg7 Kxg7 34. Ne4 Qd4 35. g3 Nc3 36. Qxe3 Qc4 37. Raa1 Nxe4 38. fxe4 Qb4 39. Ra7 Re7 40. Rxe7 Qxe7 1/2-1/2

[Event "RUS-ch Higher League 77th"]
[Site "Lipetsk"]
[Date "2025.07.03"]
[Round "7"]
[White "Kokarev, Dmitry"]
[Black "Najer, Evgeniy"]
[Result "1/2-1/2"]
[WhiteElo "2531"]
[BlackElo "2614"]
[PlyCount "71"]
[EventDate "2025.06.26"]
[EventType "swiss"]
[EventRounds "9"]
[EventCountry "RUS"]
[SourceTitle "CB28_2025"]
[SourceDate "2025.07.09"]
[SourceVersion "1"]
[SourceVersionDate "2025.07.09"]
[SourceQuality "1"]

1. e4 e5 2. Nf3 Nc6 3. Bb5 a6 4. Ba4 Nf6 5. 0-0 b5 6. Bb3 Bc5 7. c3 d6 8. d4 Bb6 9. Be3 0-0 10. Nbd2 Re8 11. h3 h6 12. Bc2 Rb8 13. a3 exd4 14. cxd4 Bb7 15. Re1 Ne7 16. d5 Bxe3 17. Rxe3 c6 18. dxc6 Nxc6 19. Nb3 Ne5 20. Nxe5 Rxe5 21. Qd4 Rc8 22. Bd3 Bxe4 23. Bxe4 Rc4 24. Qa7 Nxe4 25. Rae1 Qc8 26. f4 Re8 27. Nd2 Rc7 28. Nxe4 Rxe4 29. Rxe4 Rxa7 30. Re8+ Qxe8 31. Rxe8+ Kh7 32. Rd8 Kg6 33. g4 Kf6 34. Rxd6+ Ke7 35. Rc6 Rd7 36. Rxa6 1/2-1/2

[Event "RUS-chT 32nd"]
[Site "Sochi"]
[Date "2025.05.05"]
[Round "9.2"]
[White "Kokarev, Dmitry"]
[Black "Pavlov, Danila"]
[Result "1/2-1/2"]
[WhiteElo "2538"]
[BlackElo "2412"]
[PlyCount "63"]
[EventDate "2025.04.26"]
[EventType "team-swiss"]
[EventRounds "9"]
[EventCountry "RUS"]
[SourceTitle "CB19_2025"]
[SourceDate "2025.05.07"]
[SourceVersion "1"]
[SourceVersionDate "2025.05.07"]
[SourceQuality "1"]
[WhiteTeam "Sverdlovsk Region Sima Lend"]
[BlackTeam "Moscow Temus Tim"]
[WhiteTeamCountry "RUS"]
[BlackTeamCountry "RUS"]

1. e4 e6 2. d4 d5 3. Nc3 Nf6 4. e5 Nfd7 5. f4 c5 6. Nf3 Nc6 7. Be3 a6 8. a3 b5 9. Bd3 b4 10. axb4 Nxb4 11. 0-0 Nxd3 12. cxd3 Bb7 13. dxc5 Nxc5 14. b4 Nd7 15. Qa4 Be7 16. Bc5 Rc8 17. Bxe7 Qxe7 18. Ne2 d4 19. Nexd4 0-0 20. Qa5 Nb8 21. Rac1 Qd7 22. Qa3 Nc6 23. Nxc6 Rxc6 24. Rxc6 Qxc6 25. Rc1 Qd7 26. Kf2 Rd8 27. Rc4 Bxf3 28. Kxf3 Qd5+ 29. Kf2 h5 30. Qc3 Qxd3 31. Qxd3 Rxd3 32. Rc6 1/2-1/2

[Event "RUS-chT Rapid"]
[Site "Sochi"]
[Date "2024.10.18"]
[Round "4.13"]
[White "Kokarev, Dmitry"]
[Black "Alekseev, Evgeny V"]
[Result "1-0"]
[WhiteElo "2538"]
[BlackElo "2537"]
[PlyCount "91"]
[EventDate "2024.10.18"]
[EventType "team-swiss (rapid)"]
[EventRounds "9"]
[EventCountry "RUS"]
[SourceTitle "CB43_2024"]
[Source "Chessbase"]
[SourceDate "2024.10.23"]
[SourceVersion "1"]
[SourceVersionDate "2024.10.23"]
[SourceQuality "1"]
[WhiteTeam "Sverdlovsk Sima Lend"]
[BlackTeam "Krasnodar Kuban"]
[WhiteTeamCountry "RUS"]
[BlackTeamCountry "RUS"]

1. e4 e5 2. Nf3 Nc6 3. Bb5 Nf6 4. d3 Bc5 5. Bxc6 dxc6 6. 0-0 Nd7 7. Nbd2 0-0 8. Nc4 Re8 9. Kh1 Bf8 10. Bd2 f6 11. Nh4 Nc5 12. g3 g6 13. Ne3 Bg7 14. a4 a5 15. Bc3 b6 16. Rg1 Qd6 17. b3 Ba6 18. Nc4 Qe7 19. f3 Rad8 20. Qe2 Ne6 21. Bb2 Bc8 22. Ba3 Qf7 23. Qf2 Bf8 24. Bxf8 Qxf8 25. f4 Qc5 26. Qxc5 Nxc5 27. fxe5 fxe5 28. Nf3 Nd7 29. Kg2 Re7 30. Rgf1 Rf8 31. Ng5 Rxf1 32. Rxf1 Kg7 33. h3 Nc5 34. Nf3 Nd7 35. g4 Ba6 36. Ne3 Nc5 37. Kg3 Nxe4+ 38. dxe4 Bxf1 39. Nxf1 b5 40. Ne3 Kf7 41. axb5 cxb5 42. Nd5 Re8 43. Nxc7 Rb8 44. Nxe5+ Kg7 45. Nc6 Rc8 46. Nd4 1-0

[Event "RUS-chT Blitz"]
[Site "Sochi"]
[Date "2024.10.17"]
[Round "10.5"]
[White "Kokarev, Dmitry"]
[Black "Lazavik, Denis"]
[Result "1/2-1/2"]
[WhiteElo "2538"]
[BlackElo "2578"]
[PlyCount "64"]
[EventDate "2024.10.17"]
[EventType "team-swiss (blitz)"]
[EventRounds "11"]
[EventCountry "RUS"]
[SourceTitle "CB43_2024"]
[Source "Chessbase"]
[SourceDate "2024.10.23"]
[SourceVersion "1"]
[SourceVersionDate "2024.10.23"]
[SourceQuality "1"]
[WhiteTeam "Sverdlovsk Sima Lend"]
[BlackTeam "Belarus"]
[WhiteTeamCountry "RUS"]
[BlackTeamCountry "BLR"]

1. e4 e5 2. Nf3 Nc6 3. Bb5 Nf6 4. d3 Bc5 5. Bxc6 dxc6 6. Nbd2 Nd7 7. Nc4 f6 8. 0-0 Nf8 9. Be3 Bxe3 10. Nxe3 Ne6 11. Nh4 0-0 12. Nhf5 c5 13. Kh1 Nd4 14. Ng3 Be6 15. Ne2 Qd6 16. a4 a5 17. b3 Rad8 18. f3 b6 19. Rb1 Qd7 20. f4 Nxe2 21. Qxe2 exf4 22. Rxf4 c6 23. Nf5 b5 24. h3 Rfe8 25. Ne3 Qd4 26. Nf5 Qd7 27. Ne3 Rb8 28. Rff1 bxa4 29. bxa4 Rb4 30. Qh5 Qe7 31. Nf5 Bxf5 32. Qxf5 Rxa4 1/2-1/2

[Event "RUS-ch Rapid"]
[Site "Sochi"]
[Date "2024.10.16"]
[Round "9"]
[White "Kokarev, Dmitry"]
[Black "Vetokhin, Savva"]
[Result "1-0"]
[WhiteElo "2538"]
[BlackElo "2502"]
[PlyCount "147"]
[EventDate "2024.10.15"]
[EventType "swiss (rapid)"]
[EventRounds "11"]
[EventCountry "RUS"]
[SourceTitle "CB43_2024"]
[Source "Chessbase"]
[SourceDate "2024.10.23"]
[SourceVersion "1"]
[SourceVersionDate "2024.10.23"]
[SourceQuality "1"]

1. e4 c5 2. Nf3 Nc6 3. d4 cxd4 4. Nxd4 e5 5. Nb5 d6 6. c4 g6 7. N1c3 a6 8. Na3 Be6 9. Bd3 Nf6 10. 0-0 Bg7 11. Bg5 h6 12. Be3 Rc8 13. f3 Nd4 14. Rf2 0-0 15. Bf1 Qa5 16. Qd2 Kh7 17. Rd1 Rfd8 18. Nd5 Qxd2 19. Rdxd2 Bxd5 20. cxd5 b5 21. Nc2 Nxc2 22. Rxc2 Nd7 23. Rc6 Nb8 24. Rcc2 Nd7 25. Rc6 Nb8 26. Rb6 Rc7 27. Bd3 h5 28. Rc2 Rxc2 29. Bxc2 Bh6 30. Kf2 Bxe3+ 31. Kxe3 Kg7 32. b4 Kf8 33. a4 bxa4 34. Bxa4 Ke7 35. h4 Rc8 36. Kd3 f5 37. g3 Rf8 38. Rb7+ Kf6 39. Bd7 Rf7 40. Rxb8 Rxd7 41. Re8 fxe4+ 42. fxe4 Kf7 43. Re6 Rb7 44. Kc3 Rb6 45. Kc4 Kg7 46. Re7+ Kf6 47. Re8 Kf7 48. Rc8 Rb7 49. Rc6 Ke7 50. Rxa6 Rc7+ 51. Rc6 Ra7 52. b5 Ra4+ 53. Kd3 Rd4+ 54. Ke3 Rb4 55. b6 Rb3+ 56. Kd2 Rb4 57. Kc3 Rb1 58. Rc7+ Kd8 59. Rg7 Rxb6 60. Rxg6 Ke7 61. Re6+ Kd7 62. Rh6 Ra6 63. Kb4 Rb6+ 64. Kc4 Ra6 65. Rxh5 Ra3 66. Rh7+ Ke8 67. Kb5 Rxg3 68. Kc6 Rg6 69. h5 Rf6 70. Rg7 Rf4 71. Kxd6 Rxe4 72. Ke6 Kf8 73. Rf7+ Kg8 74. d6 1-0

[Event "RUS-ch Blitz"]
[Site "Sochi"]
[Date "2024.10.14"]
[Round "2"]
[White "Iljin, Timofey"]
[Black "Kokarev, Dmitry"]
[Result "0-1"]
[WhiteElo "2253"]
[BlackElo "2538"]
[PlyCount "90"]
[EventDate "2024.10.14"]
[EventType "swiss (blitz)"]
[EventRounds "13"]
[EventCountry "RUS"]
[SourceTitle "CB43_2024"]
[Source "Chessbase"]
[SourceDate "2024.10.23"]
[SourceVersion "1"]
[SourceVersionDate "2024.10.23"]
[SourceQuality "1"]

1. d4 Nf6 2. c4 g6 3. Nc3 Bg7 4. e4 d6 5. f4 c5 6. d5 0-0 7. Nf3 e6 8. Be2 exd5 9. cxd5 Bg4 10. 0-0 Nbd7 11. h3 Bxf3 12. Bxf3 Ne8 13. Be3 Nc7 14. a4 Re8 15. Bf2 a6 16. e5 dxe5 17. d6 Ne6 18. Bxb7 Ra7 19. Bc6 Nd4 20. Bxd4 exd4 21. Nd5 Re6 22. Ne7+ Kh8 23. Bd5 Rxd6 24. Nc6 Qc7 25. Qf3 Nf6 26. Nxa7 Nxd5 27. Nb5 axb5 28. axb5 h5 29. f5 c4 30. fxg6 fxg6 31. Ra8+ Kh7 32. Qa3 d3 33. Ra7 Bd4+ 34. Kh1 Bxa7 35. b6 Bxb6 36. Qa8 Rd8 37. Qa6 Ne3 38. Rg1 d2 39. Qa4 d1Q 40. Rxd1 Rxd1+ 41. Qxd1 Nxd1 42. b4 Qg3 43. b5 Qe1+ 44. Kh2 Bg1+ 45. Kh1 Nf2# 0-1

[Event "Vladivostok Eastern Economic Forum"]
[Site "Vladivostok"]
[Date "2024.09.04"]
[Round "6"]
[White "Kokarev, Dmitry"]
[Black "Zemlyanskii, Ivan"]
[Result "1/2-1/2"]
[WhiteElo "2538"]
[BlackElo "2543"]
[PlyCount "74"]
[EventDate "2024.09.03"]
[EventType "swiss (rapid)"]
[EventRounds "11"]
[EventCountry "RUS"]
[SourceTitle "EXT 2025"]
[Source "ChessBase"]
[SourceDate "2024.10.14"]
[SourceVersion "1"]
[SourceVersionDate "2024.10.14"]
[SourceQuality "1"]

1. e4 e5 2. Nf3 Nc6 3. Bb5 a6 4. Ba4 Bc5 5. d3 Nge7 6. Be3 Ba7 7. 0-0 0-0 8. Bxa7 Rxa7 9. c3 d6 10. Nbd2 f5 11. Ng5 Qe8 12. Bb3+ Kh8 13. Ne6 Bxe6 14. Bxe6 Qg6 15. Bb3 Raa8 16. Qe2 Ng8 17. Bd5 Nf6 18. exf5 Qxf5 19. Be4 Qd7 20. g3 Nxe4 21. dxe4 Nd8 22. Nc4 Qc6 23. Qd3 Ne6 24. Qd5 Ng5 25. Qxc6 bxc6 26. Nd2 c5 27. b4 cxb4 28. cxb4 a5 29. b5 a4 30. Rab1 Rfb8 31. Rfc1 Ne6 32. Kg2 Nc5 33. Rc4 Ra5 34. Rcb4 Nd3 35. Rc4 Nc5 36. Rcb4 Nd3 37. Rc4 Nc5 1/2-1/2

[Event "Vladivostok Eastern Economic Forum"]
[Site "Vladivostok"]
[Date "2024.09.03"]
[Round "3"]
[White "Matinian, Nikita"]
[Black "Kokarev, Dmitry"]
[Result "0-1"]
[WhiteElo "2414"]
[BlackElo "2538"]
[PlyCount "86"]
[EventDate "2024.09.03"]
[EventType "swiss (rapid)"]
[EventRounds "11"]
[EventCountry "RUS"]
[SourceTitle "EXT 2025"]
[Source "ChessBase"]
[SourceDate "2024.10.14"]
[SourceVersion "1"]
[SourceVersionDate "2024.10.14"]
[SourceQuality "1"]

1. e4 c5 2. Nc3 d6 3. d4 cxd4 4. Qxd4 a6 5. b3 e5 6. Qd2 Nf6 7. Bb2 Be7 8. f3 Be6 9. 0-0-0 0-0 10. g4 Nxg4 11. h4 Nf6 12. Nh3 Nc6 13. f4 Nd4 14. f5 Bd7 15. Qg2 Rc8 16. Bd3 Kh8 17. Rdg1 Rg8 18. Ng5 Qf8 19. Nd5 Bb5 20. c4 Bc6 21. Kb1 Bd8 22. h5 Bxd5 23. exd5 h6 24. Ne6 fxe6 25. fxe6 e4 26. Bxd4 exd3 27. Rf1 b5 28. cxb5 axb5 29. Rh3 Qe8 30. Rf5 Nh7 31. Rxd3 Bf6 32. Qf2 Qe7 33. Rdf3 Rgf8 34. Bxf6 Rxf6 35. Rxf6 Nxf6 36. Qd2 Rc5 37. Rf5 Rc8 38. Kb2 Kg8 39. Qd3 Qc7 40. Rf1 b4 41. Kb1 Qc3 42. Qg6 Qe5 43. Rg1 Nxd5 0-1

[Event "RUS-ch Higher League 74th"]
[Site "Nizhnij Novgorod"]
[Date "2024.07.05"]
[Round "9"]
[White "Makarian, Rudik"]
[Black "Kokarev, Dmitry"]
[Result "1-0"]
[WhiteElo "2524"]
[BlackElo "2552"]
[PlyCount "193"]
[EventDate "2024.06.26"]
[EventType "swiss"]
[EventRounds "9"]
[EventCountry "RUS"]
[SourceTitle "EXT 2025"]
[Source "ChessBase"]
[SourceDate "2024.10.14"]
[SourceVersion "1"]
[SourceVersionDate "2024.10.14"]
[SourceQuality "1"]

1. d4 d5 2. c4 c6 3. Nf3 Nf6 4. Nc3 dxc4 5. a4 Bf5 6. Ne5 Nbd7 7. Nxc4 Nb6 8. e3 e6 9. f3 Bb4 10. Be2 Nxc4 11. Bxc4 0-0 12. e4 Bg6 13. 0-0 Qb6 14. Kh1 Rfd8 15. Qb3 Ba5 16. Ne2 Qxb3 17. Bxb3 Bb6 18. Rd1 a5 19. Bd2 h6 20. Bc3 Bh7 21. h3 Ne8 22. g4 Kf8 23. Kg2 Nc7 24. h4 Na6 25. Nf4 Nb4 26. Rd2 Bc7 27. Ne2 Rd7 28. Rad1 Rad8 29. g5 Bg6 30. Rh1 Bh7 31. Rdd1 h5 32. Ra1 Bd6 33. Rhd1 Bg6 34. Rd2 Bc7 35. Rad1 Re8 36. Kf2 Red8 37. Ke3 Bb6 38. f4 Re8 39. Kf3 f5 40. gxf6 gxf6 41. Ng3 f5 42. Rg2 fxe4+ 43. Nxe4 Bxe4+ 44. Kxe4 Nd5 45. Rg6 Rf7 46. Rf1 Bd8 47. Be1 Rf5 48. Bxd5 cxd5+ 49. Ke3 Bc7 50. Rfg1 Rxf4 51. Rh6 e5 52. dxe5 Rxe5+ 53. Kd3 Rf3+ 54. Kc2 Rf7 55. Bc3 Re4 56. Rxh5 d4 57. Bd2 d3+ 58. Kb3 Ke7 59. Rb5 b6 60. h5 Bf4 61. Bc3 Re6 62. Rd5 d2 63. Rd1 Re4 64. Bxd2 Bxd2 65. R1xd2 Rb4+ 66. Ka3 Rff4 67. b3 Rh4 68. Re2+ Kf6 69. Re3 Rh2 70. Rde5 Rhh4 71. Kb2 Rh2+ 72. Kc3 Rhh4 73. Rd5 Rh2 74. Rf3+ Ke6 75. Rg5 Ke7 76. Rg7+ Ke8 77. Rh7 Rbh4 78. Re3+ Kd8 79. Rg3 R2h3 80. Rxh3 Rxh3+ 81. Kc4 Kc8 82. h6 Rh5 83. Kd4 Kb8 84. Ke4 Ka8 85. Kf4 Kb8 86. Kg4 Rh1 87. Kf5 Rh3 88. Ke6 Kc8 89. Kd6 Rd3+ 90. Kc6 Rc3+ 91. Kxb6 Rxb3+ 92. Kxa5 Rh3 93. Ka6 Kb8 94. a5 Rh1 95. Rh8+ Kc7 96. h7 Rh5 97. Ra8 1-0

[Event "Tashkent Sahibkiran Temur Cup"]
[Site "Tashkent"]
[Date "2024.05.30"]
[Round "3"]
[White "Saydaliev, Saidakbar"]
[Black "Kokarev, Dmitry"]
[Result "1/2-1/2"]
[WhiteElo "2448"]
[BlackElo "2553"]
[PlyCount "40"]
[EventDate "2024.05.29"]
[EventType "swiss"]
[EventRounds "9"]
[EventCountry "UZB"]
[SourceTitle "CBM 220 Extra"]
[Source "ChessBase"]
[SourceDate "2024.07.31"]
[SourceVersion "1"]
[SourceVersionDate "2024.07.31"]
[SourceQuality "1"]

1. e4 c5 2. Nf3 d6 3. d4 cxd4 4. Nxd4 Nf6 5. Nc3 a6 6. h3 e5 7. Nf3 h6 8. Bc4 Be7 9. Be3 Be6 10. Bb3 Nc6 11. Nd5 0-0 12. Nxf6+ Bxf6 13. 0-0 Rc8 14. Bxe6 fxe6 15. c4 Nd4 16. Nxd4 exd4 17. Bxd4 Rxc4 18. Bxf6 Qxf6 19. Qxd6 Rxe4 20. Qb6 Re2 1/2-1/2

[Event "RUS-chT2"]
[Site "Sochi"]
[Date "2024.05.10"]
[Round "9.1"]
[White "Zemlyanskii, Ivan"]
[Black "Kokarev, Dmitry"]
[Result "1-0"]
[WhiteElo "2516"]
[BlackElo "2557"]
[PlyCount "95"]
[EventDate "2024.05.01"]
[EventType "team-swiss"]
[EventRounds "9"]
[EventCountry "RUS"]
[SourceTitle "CBM 220 Extra"]
[Source "ChessBase"]
[SourceDate "2024.07.31"]
[SourceVersion "1"]
[SourceVersionDate "2024.07.31"]
[SourceQuality "1"]
[WhiteTeam "Moscow Prizant School"]
[BlackTeam "Sverdlovsk Region Sima lend"]
[WhiteTeamCountry "RUS"]
[BlackTeamCountry "RUS"]

1. e4 c5 2. Nf3 d6 3. d4 cxd4 4. Nxd4 Nf6 5. Nc3 a6 6. Bg5 e6 7. Qf3 h6 8. Bd2 Bd7 9. 0-0-0 Nc6 10. Nxc6 Bxc6 11. Bd3 Nd7 12. Qg3 b5 13. Rhe1 Ne5 14. Nd5 exd5 15. exd5 Bxd5 16. f4 Be6 17. fxe5 d5 18. Rf1 Qd7 19. Kb1 Rc8 20. a3 g5 21. Bb4 Bxb4 22. axb4 d4 23. Be4 Rc4 24. Qf3 Qe7 25. Bd5 Bxd5 26. Qxd5 Qd7 27. Qa8+ Qc8 28. Qxc8+ Rxc8 29. Rxd4 Rc6 30. Rf6 Rxf6 31. exf6 0-0 32. Rd6 Re8 33. Rxa6 Re1+ 34. Ka2 Re2 35. c4 bxc4 36. Rc6 Kh7 37. Rxc4 Rxg2 38. b5 Rd2 39. b6 Rd8 40. Kb3 Kg6 41. Rc6 g4 42. Kc4 h5 43. Kc5 h4 44. b7 g3 45. hxg3 hxg3 46. Kb6 g2 47. Rc1 Kxf6 48. Kc7 1-0

[Event "RUS-chT2"]
[Site "Sochi"]
[Date "2024.05.03"]
[Round "3.5"]
[White "Kokarev, Dmitry"]
[Black "Korchmar, Vasiliy"]
[Result "1-0"]
[WhiteElo "2557"]
[BlackElo "2424"]
[PlyCount "62"]
[EventDate "2024.05.01"]
[EventType "team-swiss"]
[EventRounds "9"]
[EventCountry "RUS"]
[SourceTitle "CBM 220 Extra"]
[Source "ChessBase"]
[SourceDate "2024.07.31"]
[SourceVersion "1"]
[SourceVersionDate "2024.07.31"]
[SourceQuality "1"]
[WhiteTeam "Sverdlovsk Region Sima lend"]
[BlackTeam "Muromtsev Akademiya"]
[WhiteTeamCountry "RUS"]
[BlackTeamCountry "RUS"]

1. e4 e5 2. Nf3 Nc6 3. Bb5 a6 4. Ba4 Nf6 5. 0-0 Be7 6. Bxc6 dxc6 7. d3 Bd6 8. d4 Nxe4 9. dxe5 Be7 10. Qe2 Bf5 11. Be3 Qd5 12. Rd1 Qe6 13. Nbd2 Nxd2 14. Rxd2 h6 15. Nd4 Qg6 16. Nxf5 Qxf5 17. f4 0-0 18. Qd3 Qe6 19. Qd7 Rac8 20. Qxe6 fxe6 21. Kf2 h5 22. Rd7 Kf7 23. Rad1 b6 24. Kf3 Rfd8 25. f5 Re8 26. Bg5 exf5 27. e6+ Kf8 28. Bxe7+ Rxe7 29. Rd8+ Re8 30. Rxc8 Rxc8 31. Kf4 Ke7 1-0